|
|
|
|
| LEADER |
01827cam a2200385 7i4500 |
| 001 |
0000063207 |
| 005 |
20251030090000.0 |
| 020 |
|
|
|a 9789672066316 (paperback)
|
| 090 |
0 |
0 |
|a BP171
|b .M438 2019
|
| 100 |
0 |
|
|a Mohd Nasir Mohd Tap
|
| 245 |
1 |
0 |
|a Dialog agama dan faham kiri
|c Mohd Nasir bin Mohd Tap.
|
| 264 |
|
|
|a Shah Alam, Selangor:
|b IDE Research Centre,
|c 2019.
|
| 300 |
|
|
|a viii, 136 pages;
|c 23 cm.
|
| 336 |
|
|
|a text
|2 rdacontent
|
| 337 |
|
|
|a unmediated
|2 rdamedia
|
| 338 |
|
|
|a volume
|2 rdacarrier
|
| 500 |
|
|
|a Gift: Institut Darul Ehsan (IDE)
|
| 650 |
|
0 |
|a Islam --
|x Relations
|
| 997 |
|
|
|a IDE Resource Centre
|
| 999 |
|
|
|a 0000069637
|b BOK
|c OPEN SHELF
|e 1st Floor, Bestari Jaya
|
| 999 |
|
|
|a 0000069638
|b BOK
|c OPEN SHELF
|e 1st Floor, Bestari Jaya
|
| 999 |
|
|
|a 0000069639
|b BOK
|c OPEN SHELF
|e 1st Floor, Bestari Jaya
|
| 999 |
|
|
|a 0000069640
|b BOK
|c OPEN SHELF
|e 1st Floor, Bestari Jaya
|
| 999 |
|
|
|a IDE0000152
|b BOK
|c CLOSED ACCESS COLLECTION
|e IDE Resource Centre
|
| 999 |
|
|
|a IDE0000186
|b BOK
|c CLOSED ACCESS COLLECTION
|e IDE Resource Centre
|
| 999 |
|
|
|a IDE0000437
|b BOK
|c CLOSED ACCESS COLLECTION
|e IDE Resource Centre
|
| 999 |
|
|
|a IDE0001681
|b BOK
|c CLOSED ACCESS COLLECTION
|e IDE Resource Centre
|
| 999 |
|
|
|a IDE0001687
|b BOK
|c CLOSED ACCESS COLLECTION
|e IDE Resource Centre
|
| 999 |
|
|
|a IDE0001688
|b BOK
|c CLOSED ACCESS COLLECTION
|e IDE Resource Centre
|
| 999 |
|
|
|a IDE0001876
|b BOK
|c CLOSED ACCESS COLLECTION
|e IDE Resource Centre
|
| 999 |
|
|
|a IDE0001979
|b BOK
|c CLOSED ACCESS COLLECTION
|e IDE Resource Centre
|
| 999 |
|
|
|a IDE0002144
|b BOK
|c CLOSED ACCESS COLLECTION
|e IDE Resource Centre
|
| 999 |
|
|
|a IDE0002176
|b BOK
|c CLOSED ACCESS COLLECTION
|e IDE Resource Centre
|
| 999 |
|
|
|a IDE0002192
|b BOK
|c CLOSED ACCESS COLLECTION
|e IDE Resource Centre
|
| 999 |
|
|
|a IDE0002575
|b BOK
|c CLOSED ACCESS COLLECTION
|e IDE Resource Centre
|